UBT Library

Fundamentals of algebraic modeling : (Record no. 38888)

000 -LEADER
fixed length control field 00856cam a22002537a 4500
001 - CONTROL NUMBER
control field 15473219
005 - DATE AND TIME OF LATEST TRANSACTION
control field 20171214033923.0
008 - FIXED-LENGTH DATA ELEMENTS--GENERAL INFORMATION
fixed length control field 080929s2010 caua s 001 0 eng d
010 ## - LIBRARY OF CONGRESS CONTROL NUMBER
LC control number 2008938520
020 ## - INTERNATIONAL STANDARD BOOK NUMBER
International Standard Book Number 9780495555094
020 ## - INTERNATIONAL STANDARD BOOK NUMBER
International Standard Book Number 0495555096
035 ## - SYSTEM CONTROL NUMBER
System control number (OCoLC)ocn236318093
040 ## - CATALOGING SOURCE
Original cataloging agency BTCTA
Transcribing agency BTCTA
Modifying agency BAKER
-- YDXCP
-- UAB
-- UBY
-- NTE
-- DLC
041 ## - LANGUAGE CODE
Language code of text/sound track or separate title eng
042 ## - AUTHENTICATION CODE
Authentication code lccopycat
080 ## - UNIVERSAL DECIMAL CLASSIFICATION NUMBER
Universal Decimal Classification number 512 TIM
082 04 - DEWEY DECIMAL CLASSIFICATION NUMBER
Classification number 512
Edition number 22
100 1# - Rafti
Rafti 38
101 ## - Shkurtesa
Shkurtesa MAT
245 10 - TITLE STATEMENT
Title Fundamentals of algebraic modeling :
Statement of responsibility, etc Daniel L. Timmons, Catherine W. Johnson, Sonya M. McCook.
906 ## - LOCAL DATA ELEMENT F, LDF (RLIN)
a 7
b cbc
c copycat
d 3
e ncip
f 20
g y-gencatlg
942 ## - ADDED ENTRY ELEMENTS (KOHA)
Source of classification or shelving scheme
Item type Books
Holdings
Withdrawn status Lost status Source of classification or shelving scheme Damaged status Not for loan Collection code Permanent location Current location Shelving location Date acquired Total Checkouts Full call number Barcode Date last seen Price effective from Koha item type
          Koleksioni i përgjithshem UBT - Lipjan UBT - Lipjan Koleksioni i përgjithshem 12/14/2017   512 TIM 002-2939144 12/14/2017 12/14/2017 Books
UBT Library © 2015-2024. All rights reserved University Education for Business and Technology